| 000 | 01242nam a2200325 i 4500 | ||
|---|---|---|---|
| 003 | EG-GICUC | ||
| 005 | 20260314082559.0 | ||
| 008 | 260124s1979 ua |||fr|||| 00| 0 ara d | ||
| 040 |
_a EG-GICUC _bara _c EG-GICUC _d EG-GICUC _erda |
||
| 041 | 0 | _aAra | |
| 082 | 0 | 4 |
_221 _a343.91 _bع ب . ت |
| 092 | 0 | 4 | _221 |
| 099 | _aLaw1 10 343.91 ع ب . ت 1979 | ||
| 100 | 0 |
_aعبدالفتاح خضر _eمؤلف. |
|
| 245 | 1 | 2 |
_aالتعزيز والإتجاهات الجنائية المعاصرة. _nالجزء 64 / _cتأليف الدكتور عبدالفتاح خضر. |
| 264 | 1 |
_aالرياض : _bمعهد الإدارة العامة، _c1979. |
|
| 264 | 3 |
_aالرياض : _bمطابع الإشعاع التجارية، |
|
| 300 |
_a124 صفحة؛ _c24 سم. |
||
| 336 |
_2rda content _atext |
||
| 337 |
_2rda media _aComputer |
||
| 338 |
_2rda carrier _aOnline Resource |
||
| 504 | _aببليوجرافيا: صفحات117-121. | ||
| 546 | _aالنص باللغة العربية | ||
| 650 | 1 |
_aالنظام الجنائى الإسلامى _2qrmak |
|
| 650 | 1 |
_aالقانون الجنائى _2qrmak |
|
| 651 | 1 | _2qrmak | |
| 856 | 4 | 0 | _uhttps://fll.law.cu.edu.eg/fulltext/bks/B10-08095.pdf |
| 905 | _a54 | ||
| 942 |
_2ddc _cBK _e21 _n0 |
||
| 999 |
_c58882 _d58882 |
||